[Event "Open Praha 2018 - A"]
[Site "?"]
[Date "2018.01.15"]
[Round "5"]
[White "Lee, Jun Hyeok"]
[Black "Lalic, Bogdan"]
[Result "1/2-1/2"]
[BlackElo "2415"]
[WhiteElo "2305"]
[LiveChessVersion "1.4.8"]

1. Nf3 {[%clk 1:30:58]} Nf6 {[%clk 1:23:44]} 2. d4 {[%clk 1:31:02]} e6
{[%clk 1:24:02]} 3. Bg5 {[%clk 1:31:22]} c5 {[%clk 1:24:06]} 4. e3
{[%clk 1:31:46]} d5 {[%clk 1:23:53]} 5. Nbd2 {[%clk 1:31:58]} Be7
{[%clk 1:23:37]} 6. c3 {[%clk 1:32:19]} Nbd7 {[%clk 1:23:20]} 7. Bd3
{[%clk 1:32:40]} b6 {[%clk 1:23:24]} 8. Ne5 {[%clk 1:30:28]} Nxe5
{[%clk 1:23:32]} 9. dxe5 {[%clk 1:30:54]} Nd7 {[%clk 1:23:54]} 10. Bxe7
{[%clk 1:28:30]} Qxe7 {[%clk 1:24:18]} 11. f4 {[%clk 1:28:08]} Bb7
{[%clk 1:23:05]} 12. O-O {[%clk 1:26:11]} f6 {[%clk 1:22:39]} 13. exf6
{[%clk 1:25:23]} gxf6 {[%clk 1:23:04]} 14. Qh5+ {[%clk 1:14:21]} Qf7
{[%clk 1:23:25]} 15. Qxf7+ {[%clk 1:14:37]} Kxf7 {[%clk 1:23:49]} 16. e4
{[%clk 1:13:49]} Rad8 {[%clk 1:22:31]} 17. Rae1 {[%clk 1:06:44]} dxe4
{[%clk 1:16:07]} 18. Nxe4 {[%clk 0:56:42]} Nf8 {[%clk 1:15:41]} 19. Bc4
{[%clk 0:53:16]} Bxe4 {[%clk 1:13:50]} 20. Rxe4 {[%clk 0:53:44]} f5
{[%clk 1:14:14]} 21. Re5 {[%clk 0:52:51]} Kf6 {[%clk 1:14:38]} 22. Rfe1
{[%clk 0:52:57]} Rd6 {[%clk 1:15:03]} 23. g3 {[%clk 0:43:54]} Rg8
{[%clk 1:15:19]} 24. Kf2 {[%clk 0:41:28]} Rg7 {[%clk 1:15:20]} 25. Kf3
{[%clk 0:40:15]} Re7 {[%clk 1:14:58]} 26. h3 {[%clk 0:32:55]} h5 {[%clk 1:15:22]}
27. g4 {[%clk 0:30:49]} hxg4+ {[%clk 1:15:46]} 28. hxg4 {[%clk 0:31:17]} fxg4+
{[%clk 1:16:07]} 29. Kxg4 {[%clk 0:31:43]} Rd2 {[%clk 1:13:19]} 30. Kf3
{[%clk 0:17:04]} Rxb2 {[%clk 1:10:47]} 31. f5 {[%clk 0:17:25]} Rb1
{[%clk 0:54:52]} 32. R1e3 {[%clk 0:14:50]} Rh1 {[%clk 0:50:56]} 33. Kg2
{[%clk 0:11:54]} Rh5 {[%clk 0:48:04]} 34. Bxe6 {[%clk 0:12:19]} Nxe6
{[%clk 0:48:09]} 35. Rxe6+ {[%clk 0:12:42]} Rxe6 {[%clk 0:48:35]} 36. fxe6
{[%clk 0:08:57]} Ke7 {[%clk 0:48:59]} 37. c4 {[%clk 0:04:55]} Rh4
{[%clk 0:49:03]} 38. Ra3 {[%clk 0:04:42]} Rxc4 {[%clk 0:49:16]} 39. Rxa7+
{[%clk 0:05:09]} Kxe6 {[%clk 0:49:29]} 40. Kf3 {[%clk 0:01:03]} b5
{[%clk 0:48:56]} 41. Rb7 {[%clk 0:27:57]} b4 {[%clk 1:19:12]} 42. Ke3
{[%clk 0:27:27]} Kd5 {[%clk 1:19:07]} 43. Kd2 {[%clk 0:23:00]} Rc3
{[%clk 1:19:22]} 44. Ra7 {[%clk 0:23:20]} Kc4 {[%clk 1:19:18]} 45. Ra5
{[%clk 0:22:50]} Kd4 {[%clk 1:18:41]} 46. Ra8 {[%clk 0:22:10]} Rh3
{[%clk 1:17:01]} 47. Kc2 {[%clk 0:21:40]} Rh2+ {[%clk 1:17:15]} 48. Kb3
{[%clk 0:20:01]} c4+ {[%clk 1:17:39]} 49. Kxb4 {[%clk 0:20:27]} Rb2+
{[%clk 1:18:04]} 50. Ka3 {[%clk 0:20:53]} c3 {[%clk 1:18:30]} 51. Rh8
{[%clk 0:15:28]} Re2 {[%clk 1:17:38]} 52. Kb3 {[%clk 0:15:12]} 1/2-1/2

[Event "Open Praha 2018 - A"]
[Site "?"]
[Date "2018.01.15"]
[Round "5"]
[White "Pena Gomez, Manuel"]
[Black "Raahul, V S"]
[Result "1/2-1/2"]
[BlackElo "2205"]
[WhiteElo "2491"]
[LiveChessVersion "1.4.8"]

1. e4 e5 2. Nf3 Nc6 3. Bb5 a6 4. Ba4 Nf6 5. d4 exd4 6. O-O Be7 7. Re1 b5 8. Bb3
d6 9. a4 Bg4 10. Bd5 Nxd5 11. exd5 Bxf3 12. Qxf3 Ne5 13. Qe4 O-O 14. Qxd4 Bf6 15.
Qd1 Nc4 16. c3 Re8 17. Rxe8+ Qxe8 18. b3 Nb6 19. Be3 bxa4 20. Bxb6 cxb6 21. Rxa4
b5 22. Ra2 a5 23. g3 g6 24. Qd3 b4 25. cxb4 Qe1+ 26. Kg2 Qxb4 27. Nd2 Rb8 28. Nc4
Qxb3 29. Qxb3 Rxb3 30. Rxa5 Be7 31. Ra8+ Kg7 32. Re8 Rc3 33. Ne3 Bg5 34. f4 Bf6
35. Re4 Rd3 36. Kf3 Rd2 37. h4 Bd4 38. h5 Bxe3 39. Kxe3 Rxd5 40. hxg6 hxg6 41. g4
g5 42. Re7 Kf6 43. Ra7 gxf4+ 44. Kxf4 Rd4+ 45. Kf3 Rc4 46. Rd7 Ke6 47. Rd8 Rc7
48. Ke4 f6 49. Re8+ Re7 50. Rd8 Rg7 51. Kf4 d5 52. Re8+ Re7 53. Rd8 Rd7 54. Re8+
Kf7 55. Rh8 Kg7 56. Ra8 Kg6 57. Rg8+ Kh7 58. Ra8 d4 59. g5 d3 60. Ra1 1/2-1/2

[Event "Open Praha 2018 - A"]
[Site "?"]
[Date "2018.01.15"]
[Round "5"]
[White "Neuman, Petr"]
[Black "Stoyanov, Tsvetan"]
[Result "1-0"]
[BlackElo "2242"]
[WhiteElo "2452"]
[LiveChessVersion "1.4.8"]

1. c4 {[%clk 1:18:10]} Nf6 {[%clk 1:30:14]} 2. Nc3 {[%clk 1:18:33]} d5
{[%clk 1:29:38]} 3. cxd5 {[%clk 1:18:57]} Nxd5 {[%clk 1:29:57]} 4. Nf3
{[%clk 1:19:19]} g6 {[%clk 1:29:17]} 5. Qc2 {[%clk 1:19:38]} Nc6 {[%clk 1:25:58]}
6. d4 {[%clk 1:14:17]} Bg7 {[%clk 1:24:52]} 7. e4 {[%clk 1:13:03]} Nxc3
{[%clk 0:57:05]} 8. bxc3 {[%clk 1:13:17]} O-O {[%clk 0:56:25]} 9. Ba3
{[%clk 1:10:43]} b6 {[%clk 0:51:01]} 10. Rd1 {[%clk 1:10:17]} Na5
{[%clk 0:41:47]} 11. Be2 {[%clk 1:06:05]} Bg4 {[%clk 0:38:33]} 12. O-O
{[%clk 1:03:24]} Bxf3 {[%clk 0:37:52]} 13. Bxf3 {[%clk 1:03:49]} Nc4
{[%clk 0:38:10]} 14. Bc1 {[%clk 1:02:09]} b5 {[%clk 0:26:45]} 15. Be2
{[%clk 0:56:12]} Qd7 {[%clk 0:26:01]} 16. Qb3 {[%clk 0:56:23]} Qc6
{[%clk 0:25:18]} 17. e5 {[%clk 0:53:25]} Rab8 {[%clk 0:22:34]} 18. f4
{[%clk 0:44:00]} e6 {[%clk 0:19:28]} 19. Bf3 {[%clk 0:44:13]} Qb6
{[%clk 0:18:46]} 20. Kh1 {[%clk 0:44:37]} Rbd8 {[%clk 0:13:01]} 21. g4
{[%clk 0:39:49]} c5 {[%clk 0:12:27]} 22. d5 {[%clk 0:39:21]} exd5
{[%clk 0:11:48]} 23. Rxd5 {[%clk 0:39:29]} g5 {[%clk 0:10:21]} 24. e6
{[%clk 0:26:56]} fxe6 {[%clk 0:04:43]} 25. Rxg5 {[%clk 0:27:21]} Nd2
{[%clk 0:04:24]} 26. Bxd2 {[%clk 0:22:28]} Rxd2 {[%clk 0:04:52]} 27. f5
{[%clk 0:21:12]} c4 {[%clk 0:04:47]} 28. Qb4 {[%clk 0:21:19]} Qc7
{[%clk 0:01:51]} 29. Bg2 {[%clk 0:20:49]} exf5 {[%clk 0:01:16]} 30. gxf5
{[%clk 0:20:15]} Qd8 {[%clk 0:00:55]} 31. Rg3 {[%clk 0:19:50]} Kh8
{[%clk 0:00:35]} 32. Qxb5 {[%clk 0:20:03]} Rxa2 {[%clk 0:00:41]} 33. Qxc4
{[%clk 0:20:13]} Ra5 {[%clk 0:00:50]} 34. Qg4 {[%clk 0:19:25]} Qf6
{[%clk 0:01:14]} 35. Be4 {[%clk 0:18:47]} Rc5 {[%clk 0:00:53]} 36. Rfg1
{[%clk 0:18:48]} Rc7 {[%clk 0:01:22]} 37. Qh5 {[%clk 0:17:11]} Qe5
{[%clk 0:00:47]} 38. Qg4 {[%clk 0:16:01]} Qf6 {[%clk 0:00:52]} 39. h4
{[%clk 0:03:40]} a5 {[%clk 0:00:51]} 40. h5 {[%clk 0:03:27]} 1-0

[Event "Open Praha 2018 - A"]
[Site "?"]
[Date "2018.01.15"]
[Round "5"]
[White "Harazinska, Ewa"]
[Black "Solozhenkin, Evgeniy"]
[Result "0-1"]
[BlackElo "2451"]
[WhiteElo "2245"]
[LiveChessVersion "1.4.8"]

1. d4 {[%clk 1:30:57]} Nf6 {[%clk 1:30:51]} 2. c4 {[%clk 1:31:24]} e6
{[%clk 1:30:53]} 3. Nc3 {[%clk 1:31:46]} Bb4 {[%clk 1:31:13]} 4. Qc2
{[%clk 1:32:13]} b6 {[%clk 1:31:00]} 5. e4 {[%clk 1:32:05]} c5 {[%clk 1:31:10]}
6. a3 {[%clk 1:31:18]} Bxc3+ {[%clk 1:29:22]} 7. bxc3 {[%clk 1:31:44]} Bb7
{[%clk 1:29:48]} 8. Bd3 {[%clk 1:31:58]} b5 {[%clk 1:27:23]} 9. f3
{[%clk 1:28:36]} bxc4 {[%clk 1:14:38]} 10. Bxc4 {[%clk 1:28:57]} cxd4
{[%clk 1:14:46]} 11. cxd4 {[%clk 1:29:23]} d5 {[%clk 1:13:54]} 12. exd5
{[%clk 1:23:07]} Bxd5 {[%clk 1:12:02]} 13. Bd3 {[%clk 1:21:57]} O-O
{[%clk 1:02:05]} 14. Ne2 {[%clk 1:19:43]} Nc6 {[%clk 1:02:12]} 15. O-O
{[%clk 1:13:01]} Rc8 {[%clk 0:47:10]} 16. Qd2 {[%clk 1:08:44]} Na5
{[%clk 0:45:36]} 17. Qf4 {[%clk 1:07:07]} Bc4 {[%clk 0:44:16]} 18. Rd1
{[%clk 1:02:39]} Nb3 {[%clk 0:36:32]} 19. Rb1 {[%clk 1:01:42]} Bxd3
{[%clk 0:32:46]} 20. Rxd3 {[%clk 0:55:18]} Nd5 {[%clk 0:24:16]} 21. Qg3
{[%clk 0:52:04]} Nxc1 {[%clk 0:24:32]} 22. Rxc1 {[%clk 0:52:27]} Rxc1+
{[%clk 0:24:36]} 23. Nxc1 {[%clk 0:52:54]} Qa5 {[%clk 0:24:48]} 24. Ne2
{[%clk 0:50:15]} Qb5 {[%clk 0:23:46]} 25. f4 {[%clk 0:49:55]} Qb1+
{[%clk 0:22:31]} 26. Kf2 {[%clk 0:50:18]} Nf6 {[%clk 0:21:49]} 27. Qf3
{[%clk 0:47:32]} Ng4+ {[%clk 0:21:50]} 28. Kg3 {[%clk 0:47:48]} h5
{[%clk 0:22:14]} 29. Rb3 {[%clk 0:45:17]} Qe1+ {[%clk 0:12:38]} 30. Kh3
{[%clk 0:43:07]} Nf2+ {[%clk 0:13:03]} 31. Kh4 {[%clk 0:43:11]} Ne4+
{[%clk 0:13:25]} 32. Ng3 {[%clk 0:43:32]} Nd2 {[%clk 0:13:48]} 33. Qe3
{[%clk 0:43:52]} Qd1 {[%clk 0:14:14]} 0-1

[Event "Open Praha 2018 - A"]
[Site "?"]
[Date "2018.01.15"]
[Round "5"]
[White "Fedorov, Evgueny"]
[Black "Kalegin, Evgenij"]
[Result "0-1"]
[BlackElo "2426"]
[WhiteElo "2241"]
[LiveChessVersion "1.4.8"]

1. e4 c5 2. Nf3 e6 3. d4 cxd4 4. Nxd4 a6 5. Bd3 Bc5 6. Nb3 Be7 7. f4 d6 8. Qf3
Nf6 9. Be3 Qc7 10. N1d2 Nbd7 11. g4 g6 12. O-O-O b5 13. Rhg1 Bb7 14. Qf2 d5 15.
e5 Ne4 16. Bxe4 dxe4 17. Nf1 Rc8 18. Kb1 O-O 19. h4 f6 20. h5 g5 21. Nd4 Bd5 22.
Nf5 Bxa2+ 23. Kxa2 exf5 24. gxf5 fxe5 25. fxg5 Rxf5 26. Qxf5 Qc4+ 27. Ka1 Qa4+
28. Kb1 Qxc2+ 29. Ka2 Qa4+ 30. Kb1 Qxd1+ 31. Ka2 Rc4 32. Qe6+ Kf8 33. Qxc4 bxc4
34. g6 Qxh5 0-1

[Event "Open Praha 2018 - A"]
[Site "?"]
[Date "2018.01.15"]
[Round "5"]
[White "Popov, Mikhail"]
[Black "Ranaldi, Lucas"]
[Result "1/2-1/2"]
[BlackElo "2212"]
[WhiteElo "2416"]
[LiveChessVersion "1.4.8"]

1. g3 {[%clk 1:30:57]} c5 {[%clk 1:19:47]} 2. Bg2 {[%clk 1:31:21]} Nc6
{[%clk 1:19:43]} 3. c4 {[%clk 1:31:42]} g6 {[%clk 1:19:59]} 4. Nc3
{[%clk 1:32:07]} Bg7 {[%clk 1:20:23]} 5. d3 {[%clk 1:31:45]} d6 {[%clk 1:04:19]}
6. a3 {[%clk 1:30:00]} Nf6 {[%clk 0:55:18]} 7. Rb1 {[%clk 1:28:40]} a5
{[%clk 0:54:47]} 8. Nf3 {[%clk 1:28:24]} Bf5 {[%clk 0:53:57]} 9. O-O
{[%clk 1:22:01]} Qd7 {[%clk 0:53:18]} 10. Re1 {[%clk 1:20:07]} O-O
{[%clk 0:50:15]} 11. Bd2 {[%clk 1:17:41]} Bh3 {[%clk 0:45:28]} 12. Bh1
{[%clk 1:16:32]} h6 {[%clk 0:45:31]} 13. Nb5 {[%clk 0:49:10]} Kh7
{[%clk 0:31:10]} 14. Bc3 {[%clk 0:44:25]} a4 {[%clk 0:26:05]} 15. b4
{[%clk 0:40:56]} axb3 {[%clk 0:26:33]} 16. Qxb3 {[%clk 0:41:03]} e5
{[%clk 0:23:01]} 17. Nd2 {[%clk 0:30:36]} Ra6 {[%clk 0:20:33]} 18. e3
{[%clk 0:27:28]} Rfa8 {[%clk 0:15:59]} 19. Qb2 {[%clk 0:21:54]} d5
{[%clk 0:13:50]} 20. d4 {[%clk 0:20:28]} exd4 {[%clk 0:11:25]} 21. exd4
{[%clk 0:20:47]} cxd4 {[%clk 0:11:36]} 22. Nxd4 {[%clk 0:20:38]} Rxa3
{[%clk 0:09:08]} 23. Nxc6 Qxc6 {[%clk 0:07:34]} 24. Bxf6 {[%clk 0:20:05]} Bxf6
{[%clk 0:05:39]} 25. cxd5 {[%clk 0:05:01]} Qa6 {[%clk 0:06:08]} 26. Qb4
{[%clk 0:03:02]} Ra4 {[%clk 0:05:25]} 27. Qb3 {[%clk 0:02:57]} Ra3
{[%clk 0:05:13]} 28. Qb4 {[%clk 0:03:08]} Ra4 {[%clk 0:03:48]} 29. Qb3
{[%clk 0:02:47]} 1/2-1/2

[Event "Open Praha 2018 - A"]
[Site "?"]
[Date "2018.01.15"]
[Round "5"]
[White "Akshat, Khamparia"]
[Black "Sivakumar, Ashvin"]
[Result "1-0"]
[BlackElo "2208"]
[WhiteElo "2381"]
[LiveChessVersion "1.4.8"]

1. d4 {[%clk 1:27:55]} Nf6 {[%clk 1:30:52]} 2. c4 {[%clk 1:28:21]} c5
{[%clk 1:31:11]} 3. d5 {[%clk 1:28:46]} b5 {[%clk 1:31:32]} 4. cxb5
{[%clk 1:28:58]} a6 {[%clk 1:31:55]} 5. b6 {[%clk 1:29:27]} e6 {[%clk 1:31:32]}
6. Nc3 {[%clk 1:29:52]} Nxd5 {[%clk 1:31:46]} 7. Nxd5 {[%clk 1:30:15]} exd5
{[%clk 1:32:12]} 8. Qxd5 {[%clk 1:30:41]} Nc6 {[%clk 1:32:37]} 9. e4
{[%clk 1:30:17]} Be7 {[%clk 1:32:13]} 10. Bc4 {[%clk 1:30:07]} O-O
{[%clk 1:32:32]} 11. Nf3 {[%clk 1:25:06]} Rb8 {[%clk 1:31:11]} 12. O-O
{[%clk 1:22:18]} Rxb6 {[%clk 1:18:22]} 13. Be3 {[%clk 0:58:56]} d6
{[%clk 1:07:40]} 14. Qd2 {[%clk 0:48:34]} Bf6 {[%clk 0:55:12]} 15. Rab1
{[%clk 0:45:37]} Bg4 {[%clk 0:53:58]} 16. Ne1 {[%clk 0:42:58]} Be6
{[%clk 0:43:13]} 17. Bxe6 {[%clk 0:41:42]} fxe6 {[%clk 0:42:29]} 18. b3
{[%clk 0:42:05]} Bd4 {[%clk 0:41:20]} 19. Nc2 {[%clk 0:41:29]} e5
{[%clk 0:41:00]} 20. Qe2 {[%clk 0:31:27]} Qe8 {[%clk 0:34:25]} 21. Bd2
{[%clk 0:30:36]} Qg6 {[%clk 0:27:46]} 22. Kh1 {[%clk 0:30:15]} a5
{[%clk 0:27:08]} 23. Na3 {[%clk 0:29:48]} Ra8 {[%clk 0:22:15]} 24. Nc4
{[%clk 0:29:19]} Rbb8 {[%clk 0:22:34]} 25. f4 {[%clk 0:27:23]} exf4
{[%clk 0:19:28]} 26. Bxf4 {[%clk 0:27:48]} Rd8 {[%clk 0:19:40]} 27. Rbd1
{[%clk 0:24:50]} Ra7 {[%clk 0:18:58]} 28. Qf3 {[%clk 0:23:33]} Rf7
{[%clk 0:19:07]} 29. Qg3 {[%clk 0:23:14]} Qxg3 {[%clk 0:15:35]} 30. Bxg3
{[%clk 0:21:40]} Rxf1+ {[%clk 0:12:31]} 31. Rxf1 {[%clk 0:22:08]} d5
{[%clk 0:12:47]} 32. exd5 {[%clk 0:21:28]} Rxd5 {[%clk 0:13:11]} 33. h3
{[%clk 0:21:44]} Bf6 {[%clk 0:12:03]} 34. Re1 {[%clk 0:20:31]} Nb4
{[%clk 0:11:03]} 35. a3 {[%clk 0:19:16]} Nc2 {[%clk 0:11:17]} 36. Re8+
{[%clk 0:17:42]} Kf7 {[%clk 0:11:41]} 37. Rb8 {[%clk 0:17:59]} Rd1+
{[%clk 0:06:45]} 38. Kh2 {[%clk 0:18:24]} Bd4 {[%clk 0:07:08]} 39. Bc7
{[%clk 0:17:30]} h5 {[%clk 0:06:22]} 40. h4 {[%clk 0:16:56]} Bg1+
{[%clk 0:06:32]} 41. Kh3 {[%clk 0:16:06]} Bf2 {[%clk 0:03:52]} 42. g4
{[%clk 0:14:46]} hxg4+ {[%clk 0:02:18]} 43. Kxg4 {[%clk 0:15:12]} Rg1+
{[%clk 0:28:48]} 44. Kf3 {[%clk 0:44:56]} Bxh4 {[%clk 0:28:54]} 45. Bxa5
{[%clk 0:43:52]} g5 {[%clk 0:27:11]} 46. Rb7+ {[%clk 0:44:04]} Kg6
{[%clk 0:23:52]} 47. Ke4 {[%clk 0:41:30]} Bg3 {[%clk 0:19:37]} 48. Bb6
{[%clk 0:39:58]} g4 {[%clk 0:15:22]} 49. Bxc5 {[%clk 0:39:26]} Re1+
{[%clk 0:15:44]} 50. Kd3 {[%clk 0:39:19]} Na1 {[%clk 0:14:38]} 51. a4
{[%clk 0:37:06]} Rd1+ {[%clk 0:12:38]} 52. Ke4 {[%clk 0:36:34]} Re1+
{[%clk 0:10:01]} 53. Kd5 {[%clk 0:36:54]} Rd1+ {[%clk 0:09:11]} 54. Kc6
{[%clk 0:36:38]} Be1 {[%clk 0:08:36]} 55. a5 {[%clk 0:34:06]} g3 {[%clk 0:05:35]}
56. a6 {[%clk 0:33:56]} Bf2 {[%clk 0:05:56]} 57. a7 {[%clk 0:33:58]} Rd8
{[%clk 0:04:34]} 58. Rb8 {[%clk 0:33:42]} Bxc5 {[%clk 0:04:28]} 59. a8=Q
{[%clk 0:33:33]} 1-0

[Event "Open Praha 2018 - A"]
[Site "?"]
[Date "2018.01.15"]
[Round "5"]
[White "Utiatskaja, Irina"]
[Black "Moehn, Hans"]
[Result "1-0"]
[BlackElo "2378"]
[WhiteElo "2164"]
[LiveChessVersion "1.4.8"]

1. d4 {[%clk 1:30:57]} Nf6 {[%clk 1:30:55]} 2. c4 {[%clk 1:31:19]} g6
{[%clk 1:31:21]} 3. Nc3 {[%clk 1:31:34]} Bg7 {[%clk 1:31:46]} 4. e4
{[%clk 1:32:01]} d6 {[%clk 1:32:13]} 5. Nf3 {[%clk 1:32:16]} O-O {[%clk 1:32:36]}
6. Be2 {[%clk 1:32:41]} e5 {[%clk 1:33:01]} 7. d5 {[%clk 1:32:53]} Nbd7
{[%clk 1:33:24]} 8. Be3 {[%clk 1:31:46]} Ng4 {[%clk 1:12:47]} 9. Bd2
{[%clk 1:30:54]} f5 {[%clk 1:10:46]} 10. exf5 {[%clk 1:30:40]} gxf5
{[%clk 1:10:55]} 11. Ng5 {[%clk 1:28:22]} Nc5 {[%clk 1:08:37]} 12. b4
{[%clk 1:16:11]} h6 {[%clk 0:56:10]} 13. bxc5 {[%clk 1:04:21]} hxg5
{[%clk 0:56:07]} 14. Bxg4 {[%clk 1:04:32]} fxg4 {[%clk 0:56:31]} 15. Ne4
{[%clk 1:05:00]} Rf4 {[%clk 0:39:57]} 16. Qe2 {[%clk 0:55:08]} Bf5
{[%clk 0:37:18]} 17. Ng3 {[%clk 0:54:59]} Bg6 {[%clk 0:37:31]} 18. O-O
{[%clk 0:49:04]} Rd4 {[%clk 0:34:12]} 19. Rfc1 {[%clk 0:32:10]} Bd3
{[%clk 0:29:31]} 20. Qe1 {[%clk 0:32:23]} dxc5 {[%clk 0:22:54]} 21. Bc3
{[%clk 0:24:39]} Rxc4 {[%clk 0:22:21]} 22. Qe3 {[%clk 0:24:17]} Bg6
{[%clk 0:07:36]} 23. Bxe5 {[%clk 0:24:17]} Rxc1+ {[%clk 0:07:46]} 24. Rxc1
{[%clk 0:24:41]} Qe7 {[%clk 0:06:59]} 25. Bxg7 {[%clk 0:23:22]} Qxe3
{[%clk 0:07:25]} 26. fxe3 {[%clk 0:23:49]} Kxg7 {[%clk 0:07:49]} 27. Rxc5
{[%clk 0:24:15]} Rc8 {[%clk 0:04:25]} 28. d6 {[%clk 0:21:57]} c6 {[%clk 0:04:45]}
29. Rxg5 {[%clk 0:22:23]} Rd8 {[%clk 0:04:33]} 30. Rxg4 {[%clk 0:22:41]} Kf7
{[%clk 0:04:29]} 31. Ne4 {[%clk 0:13:49]} b6 {[%clk 0:03:09]} 32. Rf4+
{[%clk 0:13:18]} Kg7 {[%clk 0:03:14]} 33. h4 {[%clk 0:13:09]} a5 {[%clk 0:03:03]}
34. g4 {[%clk 0:11:21]} Bxe4 {[%clk 0:03:08]} 35. Rxe4 {[%clk 0:11:48]} Rxd6
{[%clk 0:03:33]} 36. Re7+ {[%clk 0:12:17]} Kf6 {[%clk 0:03:18]} 37. Rh7
{[%clk 0:12:33]} Kg6 {[%clk 0:02:23]} 38. Rc7 {[%clk 0:09:42]} b5
{[%clk 0:02:42]} 39. Kf2 {[%clk 0:10:09]} b4 {[%clk 0:00:49]} 40. h5+
{[%clk 0:05:57]} Kg5 {[%clk 0:00:33]} 41. Kg3 {[%clk 0:01:17]} Re6
{[%clk 0:28:57]} 42. Rg7+ {[%clk 0:29:42]} Kh6 {[%clk 0:27:48]} 43. Ra7
{[%clk 0:29:23]} Rxe3+ {[%clk 0:14:02]} 44. Kh4 {[%clk 0:29:23]} Re5
{[%clk 0:12:46]} 45. Rc7 {[%clk 0:29:17]} Re4 {[%clk 0:13:12]} 46. Rxc6+
{[%clk 0:29:44]} Kg7 {[%clk 0:13:28]} 47. Ra6 {[%clk 0:27:23]} Re5
{[%clk 0:12:48]} 48. h6+ {[%clk 0:27:30]} Kh7 {[%clk 0:12:34]} 49. g5
{[%clk 0:27:57]} Re1 {[%clk 0:07:00]} 50. Rxa5 {[%clk 0:24:11]} Rh1+
{[%clk 0:07:14]} 51. Kg4 {[%clk 0:24:38]} Rg1+ {[%clk 0:07:35]} 52. Kf4
{[%clk 0:24:53]} Rf1+ {[%clk 0:07:58]} 53. Ke4 {[%clk 0:25:09]} Kg6
{[%clk 0:07:40]} 54. Ra8 {[%clk 0:17:13]} Re1+ {[%clk 0:06:17]} 55. Kd4
{[%clk 0:17:36]} Rb1 {[%clk 0:03:20]} 56. Rg8+ {[%clk 0:14:02]} Kh7
{[%clk 0:03:39]} 57. Rg7+ {[%clk 0:14:27]} Kh8 {[%clk 0:04:04]} 58. Re7
{[%clk 0:12:15]} Rg1 {[%clk 0:04:04]} 59. Re5 {[%clk 0:12:41]} Kh7
{[%clk 0:04:17]} 60. Kc4 {[%clk 0:12:58]} Rb1 {[%clk 0:04:33]} 61. Rb5
{[%clk 0:12:39]} Kg6 {[%clk 0:03:35]} 62. Rxb4 {[%clk 0:11:25]} Ra1
{[%clk 0:04:03]} 63. Rb2 {[%clk 0:11:02]} Rg1 {[%clk 0:02:46]} 64. Rb5
{[%clk 0:10:49]} Rg4+ {[%clk 0:02:52]} 65. Kb3 {[%clk 0:11:12]} Rg3+
{[%clk 0:03:12]} 66. Ka4 {[%clk 0:11:32]} Rg2 {[%clk 0:03:33]} 67. a3
{[%clk 0:11:56]} Rg3 {[%clk 0:03:59]} 68. Kb4 {[%clk 0:12:22]} Rg4+
{[%clk 0:04:23]} 69. Ka5 {[%clk 0:12:47]} Rg3 {[%clk 0:04:48]} 70. a4
{[%clk 0:13:13]} Rg4 {[%clk 0:05:12]} 71. Rc5 {[%clk 0:13:40]} 1-0

[Event "Open Praha 2018 - A"]
[Site "?"]
[Date "2018.01.15"]
[Round "5"]
[White "Chekletsov, Ilya"]
[Black "Shevchenko, Danylo"]
[Result "1-0"]
[BlackElo "2164"]
[WhiteElo "2373"]
[LiveChessVersion "1.4.8"]

1. d4 {[%clk 1:30:57]} d5 {[%clk 1:30:58]} 2. c4 {[%clk 1:31:22]} Nc6
{[%clk 1:31:24]} 3. Nc3 {[%clk 1:31:24]} dxc4 {[%clk 1:31:51]} 4. Nf3
{[%clk 1:31:41]} Nf6 {[%clk 1:32:16]} 5. e4 {[%clk 1:31:58]} Bg4 {[%clk 1:32:40]}
6. Be3 {[%clk 1:32:24]} Bxf3 {[%clk 1:32:48]} 7. gxf3 {[%clk 1:32:49]} e5
{[%clk 1:33:14]} 8. d5 {[%clk 1:32:47]} Nb8 {[%clk 1:33:17]} 9. Bxc4
{[%clk 1:30:05]} a6 {[%clk 1:33:11]} 10. Qb3 {[%clk 1:04:07]} b5 {[%clk 1:33:25]}
11. Be2 {[%clk 1:04:32]} Bd6 {[%clk 1:28:22]} 12. a4 {[%clk 1:02:16]} b4
{[%clk 1:26:14]} 13. Na2 {[%clk 1:02:41]} Nbd7 {[%clk 1:26:14]} 14. Nc1
{[%clk 1:02:54]} O-O {[%clk 1:06:06]} 15. Nd3 {[%clk 0:59:39]} Nh5
{[%clk 1:03:33]} 16. O-O-O {[%clk 0:30:03]} Qe7 {[%clk 0:42:37]} 17. Kb1
{[%clk 0:25:29]} Nf4 {[%clk 0:33:19]} 18. Nxf4 {[%clk 0:24:28]} exf4
{[%clk 0:33:47]} 19. Bd4 {[%clk 0:24:52]} Nc5 {[%clk 0:25:43]} 20. Bxc5
{[%clk 0:19:22]} Bxc5 {[%clk 0:26:11]} 21. a5 {[%clk 0:19:47]} Bxf2
{[%clk 0:17:26]} 22. Rc1 {[%clk 0:20:12]} Bc5 {[%clk 0:17:36]} 23. Rc2
{[%clk 0:18:16]} Bd6 {[%clk 0:17:56]} 24. Bd3 {[%clk 0:17:32]} Qh4
{[%clk 0:16:54]} 25. Rhc1 {[%clk 0:16:33]} Qh5 {[%clk 0:16:11]} 26. Rf2
{[%clk 0:14:07]} Rfe8 {[%clk 0:15:47]} 27. Rc6 {[%clk 0:12:30]} Qh4
{[%clk 0:14:41]} 28. Re2 {[%clk 0:12:36]} Qh3 {[%clk 0:14:57]} 29. Rf2
{[%clk 0:07:42]} Qh4 {[%clk 0:15:13]} 30. Rfc2 {[%clk 0:07:39]} Qe1+
{[%clk 0:14:29]} 31. Ka2 {[%clk 0:08:03]} Kh8 {[%clk 0:09:20]} 32. Re2
{[%clk 0:03:58]} Qh1 {[%clk 0:08:36]} 33. Bc2 {[%clk 0:02:19]} Re5
{[%clk 0:07:56]} 34. Qd3 {[%clk 0:02:12]} h5 {[%clk 0:04:00]} 35. Bb3
{[%clk 0:01:05]} Rg5 {[%clk 0:02:54]} 36. Bc2 {[%clk 0:00:53]} b3+
{[%clk 0:02:43]} 37. Kxb3 {[%clk 0:00:59]} Qa1 {[%clk 0:02:08]} 38. e5
{[%clk 0:01:17]} Rb8+ {[%clk 0:02:13]} 39. Rb6 {[%clk 0:01:43]} Rxb6+
{[%clk 0:01:08]} 40. axb6 {[%clk 0:02:08]} g6 {[%clk 0:01:32]} 41. b7
{[%clk 0:29:39]} Bxe5 {[%clk 0:30:36]} 42. b8=Q+ {[%clk 0:29:51]} Kh7
{[%clk 0:31:05]} 43. Rxe5 {[%clk 0:29:51]} Rxe5 {[%clk 0:31:33]} 44. Qxc7
{[%clk 0:30:09]} Re3 {[%clk 0:31:31]} 45. Qxf7+ {[%clk 0:30:03]} Kh8
{[%clk 0:32:00]} 46. Qf6+ {[%clk 0:30:01]} Kg8 {[%clk 0:32:09]} 47. Qfxg6+
{[%clk 0:30:04]} Kf8 {[%clk 0:32:38]} 48. Qf6+ {[%clk 0:30:12]} Kg8
{[%clk 0:32:12]} 49. Qfg6+ {[%clk 0:30:03]} Kf8 {[%clk 0:32:34]} 50. Qgf5+
{[%clk 0:29:57]} Kg7 {[%clk 0:32:08]} 51. Qg5+ {[%clk 0:30:19]} Kh8
{[%clk 0:32:34]} 52. Qxh5+ 1-0